| 000 | 00424nam a22001577a 4500 | ||
|---|---|---|---|
| 999 |
_c9500 _d9500 |
||
| 003 | GBCCL | ||
| 005 | 20241126110713.0 | ||
| 008 | 230214b ||||| |||| 00| 0 eng d | ||
| 040 | _cgbc | ||
| 082 |
_aVER 253.0202 _bEBC |
||
| 110 |
_aEvangelical Baptist Convention _913566 |
||
| 245 | _aPastor's handbook | ||
| 260 |
_aDorcas hall, New Lamka : _bEvangelical Baptist Convention, _c2009 |
||
| 300 | _a63p. ; | ||
| 942 |
_2ddc _cBK |
||